| 000 | 00821nam a22001337a 4500 | ||
|---|---|---|---|
| 040 | _cRUA | ||
| 082 | _aAVM KEO 2012 B103 Or.1 | ||
| 100 | _aKEO, SAMBO. | ||
| 245 | _aeffect of using duckweed as protein replacement for fish jeal and soybean cake on egg production o loung poung hens at celagrid (ឥទ្ធិពលនៃការប្រើប្រាស់ប្រូតេអ៊ីនចកបាយទាជំនួសម្សៅត្រីនីងកាកសណ្តែកសៀងទៅលើការផ្តល់ស៊ុតរបស់ពូជមាន់លឿងភឿង នៅស៊ែលអាគ្រីត) | ||
| 260 |
_aPhnom Penh _bRUA _c2012 |
||
| 300 |
_ax, 42p. _bill. _c29cm. |
||
| 856 | _uhttps://drive.google.com/file/d/1SKsffWl_CreYVLjn_xVRYXuPZQQHeihr/view?usp=sharing | ||
| 942 | _cAVM | ||
| 999 |
_c2724 _d2724 |
||